| 000 | 00619nam a2200217 a 4500 | ||
|---|---|---|---|
| 001 | 19328 | ||
| 003 | CO-ViMGA | ||
| 008 | 141112s2004 ck r 000 u spa d | ||
| 020 | _a9507245626 | ||
| 040 |
_aCO-ViMGA _bspa _cCO-ViMGA |
||
| 082 | 0 | 4 | _aR912 T195c |
| 100 | 1 | _aTaylor, Barbara | |
| 245 | 1 | 0 | _aComo ser un experto en mapas |
| 260 |
_aBuenos Aires : _bLumen; 1993 |
||
| 300 | _a44 p. | ||
| 490 | _aColección como Hacer | ||
| 590 | _aForma de adquisición : Premio Mincultura | ||
| 650 | 1 | 4 |
_aDIBUJO DE MAPAS - ENSEÑANZA ELEMENTAL _927747 |
| 650 | 1 | 4 |
_aMAPAS - ENSEÑANZA ELEMENTAL _927748 |
| 942 |
_2ddc _cBK |
||
| 999 |
_c28486 _d28486 |
||